000 00519nam a2200193Ia 4500
005 20250508161637.0
008 008 250505s9999 xx 000 0 eng d
020 _a0-8386-3098-7
037 _aTextual
040 _aFEDL
_beng
_cFEDL
041 _aeng
_2eng
084 _a510, DOU
_qFEDL
100 _aDouglis Avron
_9771163
245 0 _aIdeas in mathematics
260 _aPhiladelphia
_bW B Saunders Company
_c1970
300 _axxvi,784p.
942 _cTEXL
_h510, DOU
999 _c1371300
_d1371300